Online
Catalog

Juntas descentralizadas y empoderamiento comunitario / (Record no. 42074)

MARC details
000 -CABECERA
campo de control de longitud fija 00787nam a2200193 a 4500
001 - NÚMERO DE CONTROL
campo de control 000042585
005 - FECHA Y HORA DE LA ÚLTIMA TRANSACCIÓN
campo de control 20201002040244.0
008 - DATOS DE LONGITUD FIJA--INFORMACIÓN GENERAL
campo de control de longitud fija 140128s2013 dr ab 000 0 spa d
020 ## - NÚMERO INTERNACIONAL ESTÁNDAR DEL LIBRO
Número Internacional Estándar del Libro 9789945009408
040 ## - FUENTE DE LA CATALOGACIÓN
Centro catalogador/agencia de origen DO-SdBNP
Lengua de catalogación spa
Centro/agencia transcriptor BNPHU
100 1# - ENTRADA PRINCIPAL--NOMBRE DE PERSONA
Nombre de persona Santana, Rafael
9 (RLIN) 19662
245 10 - MENCIÓN DE TÍTULO
Título Juntas descentralizadas y empoderamiento comunitario /
Mención de responsabilidad, etc. Rafael Santana, Martín Santos.
246 1# - FORMA VARIANTE DE TÍTULO
Título propio/Titulo breve Juntas descentralizadas y empoderamiento comunitario
Resto del título jornada escolar extendida: tiempo en cantidad y en calidad
260 ## - PUBLICACIÓN, DISTRIBUCIÓN, ETC.
Lugar de publicación, distribución, etc. Concepción de La Vega, República Dominicana :
Nombre del editor, distribuidor, etc. [s.d.],
Fecha de publicación, distribución, etc. 2013.
Fabricante Polar
300 ## - DESCRIPCIÓN FÍSICA
Extensión 234 p. ;
Dimensiones 21 cm.
500 ## - NOTA GENERAL
Nota general Incluye datos biografícos del autor
590 ## - NOTA LOCAL (RLIN)
Nota local La biblioteca posee 2 ejemplares autografíados por el autor
700 1# - PUNTO DE ACCESO ADICIONAL--NOMBRE DE PERSONA
Nombre de persona Santos, Martín
9 (RLIN) 69837
Holdings
Estado de retiro Estado de pérdida Restricciones de uso No para préstamo Código de colección Localización permanente Ubicación/localización actual Ubicación en estantería Fecha de adquisición Número de inventario Total de préstamos Signatura topográfica completa Código de barras Fecha visto por última vez Número de copia Precio válido a partir de Tipo de ítem Koha
        Dominicana de Servicio General General Depósito 02.05.2014 LF1   42585-30 25.06.2020 e. 3 25.06.2020 Libro y Folleto Colección Dominicana de Servicio
  Extraviado     Dominicana de Servicio General General Extraviado 02.05.2014 LF1   42585-40 25.06.2020 e. 4 25.06.2020 Libro y Folleto Colección Dominicana de Servicio
  Extraviado     Dominicana de Servicio General General Extraviado 02.05.2014 LF1   42585-50 25.06.2020 e. 5 25.06.2020 Libro y Folleto Colección Dominicana de Servicio
      Excluido de préstamo Patrimonio Dominicano Patrimonio Dominicano Patrimonio Dominicano Depósito 28.01.2014 LF1   42585-10 25.06.2020   25.06.2020 Libro y Folleto Colección Patrimonio Dominicano
      Excluido de préstamo Patrimonio Dominicano Patrimonio Dominicano Patrimonio Dominicano Depósito 28.01.2014 LF1   42585-20 25.06.2020 e. 2 25.06.2020 Libro y Folleto Colección Patrimonio Dominicano

Powered by Koha